LOTR: Rulers of Middle-Earth: Chieftains of the Dúnedain - Statistics

General Stats
  • This quiz has been taken 63 times
  • The average score is 7 of 16
Answer Stats
Answer % Correct
16 Aragorn II The first High King of the Reunited Kingdom.
98%
5 Aragorn I He was lost while hunting wolves.
96%
12 Arathorn I
92%
15 Arathorn II He was hunting Orcs with Elladan and Elrohir, but was shot through the eye and killed.
92%
14 Arador He was captured by Hill-trolls in the fells north of Rivendell, and slain.
38%
1 Aranarth Son of the last King of Arthedain.
32%
9 Aravorn
30%
6 Araglas
26%
7 Arahad I Sauron returned to Dol Guldur and the White Council was formed.
26%
10 Arahad II
26%
4 Aravir
26%
8 Aragost
24%
3 Aranuir
24%
11 Arassuil Orcs of the Misty Mountains invaded the western lands. His rangers fought them with Elladan and Elrohir. An Orc party managed to reach the Shire, but Bandobras defeated them at the Battle of Greenfields.
24%
2 Arahael
22%
13 Argonui
20%
No matching quizzes found
Score Distribution
Percent of People with Each Score
Percentile by Number Answered
Your Score History
You have not taken this quiz